Οι καταρράκτες των ρόδων

Αποθηκεύτηκε σε:
Λεπτομέρειες βιβλιογραφικής εγγραφής
Κύριος συγγραφέας: Freeman, Kimberley, 1970-
Άλλοι συγγραφείς: Τουτουντζή, Ουρανία (trlf)
Μορφή: Βιβλίο
Γλώσσα:Greek
English
Δημοσίευση: [Αθήνα] : Δίοπτρα, 2015.
Θέματα:
Ετικέτες: Προσθήκη ετικέτας
Δεν υπάρχουν, Καταχωρήστε ετικέτα πρώτοι!

MARC

LEADER 00000cam a2200000 a 4500
001 1/111132
008 160616t2015####gr | ||| |||| ||gre||
020 |a 9789603648925 
040 |a GR-MyUa  |b gre  |c GR-MyUa  |e AACR2 
041 1 |a gre  |h eng 
082 7 |a 823   |2 (23) 
100 1 |a Freeman, Kimberley,   |d 1970- 
245 1 2 |a Οι καταρράκτες των ρόδων / Kimberley Freeman ; μετάφραση Ουρανία Τουτουντζή.  
260 |a [Αθήνα] :   |b Δίοπτρα,   |c 2015.  
300 |a 543 σ. ;   |c 21 εκ.  
650 0 |a English fiction. 
700 1 |a Τουτουντζή, Ουρανία,  |e trlf 
852 |a INST  |b SAMOS  |e 20160616  |h 823 FRE  |p 005300043656  |q 005300043656  |t BK  |y 4  |x 20210121 
970 |a Γουβάλα  |b Βάσω  |z 16-06-2016